[Event "Ch Europe (blitz)"]
[Site "masterchessopen.com Ajaccio (France)"]
[Date "2007.10.25"]
[Round "13"]
[White "Fressinet Laurent (FRA)"]
[Black "Tkachiev Vladislav (FRA)"]
[Result "0-1"]
[WhiteElo "2654"]
[BlackElo "2661"]

{ Fressinet Laurent (FRA) +1 =0 -0 } 1.e4 e5 2.Nf3 Nc6 3.Bb5 a6 4.Ba4 d6 5.c3
Bd7 6.d4 g6 7.O-O Bg7 8.Re1 ( 8.d5 Nce7 9.Bxd7+ Qxd7 10.c4 h6 11.Nc3 f5 12.Ne1
Nf6 13.f3 O-O 14.Nd3 c5 15.Qe2 b5 16.b3 g5 17.a3 Nh5 18.Be3 Rab8 19.cxb5 axb5
20.b4 c4 21.Nf2 Nf4 22.Qc2 Neg6 23.g3 Nd3 24.exf5 Qxf5 25.Nfe4 g4 26.fxg4 Qxg4
27.Qe2 Qxe2 { ...1-0, Fressinet Laurent 2640 - Le Roux Jean-Pierre 2460 ,
Belfort 2003 It (cat.15) } ) 8...b5 9.Bb3 Nf6 10.dxe5 ( 10.Bg5 h6 11.Bh4 O-O
12.Nbd2 exd4 13.Nxd4 Qb8 14.N2f3 Qb7 15.Nxc6 Bxc6 16.e5 dxe5 17.Nxe5 g5
18.Nxc6 Qxc6 19.Bg3 Rad8 20.Qc2 Nh5 21.Re7 Nxg3 22.hxg3 Rd7 23.Rae1 Qd6
24.R7e3 Qc6 25.R1e2 Rd6 26.Re7 a5 27.a3 a4 28.Ba2 h5 29.Qf5 Rd1+ { ...1-0,
Almasi Zoltan 2669 - Sadvakasov Darmen 2615 , Moscow 22. 2.2007 It (open)
"Aeroflot" } ) 10...Nxe5 ( 10...dxe5 11.a4 O-O 12.Bg5 Qe7 13.Bd5 h6 14.Bxf6
Bxf6 15.Na3 Rab8 16.axb5 axb5 17.Nc2 Nd8 18.Nb4 Ne6 19.Bc6 Be8 20.g3 Bg7
21.Kg2 Kh7 22.Qd5 Rb6 23.Ra5 Qf6 24.Bxe8 Rxe8 25.Ra8 c6 26.Qa2 Rxa8 27.Qxa8
Qe7 28.Nxc6 Qc5 29.Nb4 Nc7 30.Qa7 { ...1-0, Kupreichik Viktor D 2545 -
Mukhametov Eldar 2390 , Germany 1994 Bundesliga (2nd) West 1994/95 } ) 11.Nxe5
( 11.a4 O-O 12.Nxe5 dxe5 13.Be3 Qe7 14.axb5 axb5 15.Nd2 Ng4 16.Nf1 Nxe3
17.Nxe3 c6 18.Qd3 Rfd8 19.Rxa8 Rxa8 20.Rd1 Be8 21.g3 h5 22.h4 Bh6 23.Kg2 Ra7
24.Nc2 Rd7 25.Qf3 Rxd1 26.Qxd1 Qd7 27.Nb4 Qxd1 28.Bxd1 f6 29.Bb3+ Kf8 30.Nd3
Ke7 { ...1/2-1/2, Marjanovic Slavoljub 2505 - Smyslov Vassily 2550 , Subotica
1987 Izt } ) 11...dxe5 { ?/= +0.60 CAP } 12.Nd2 { N } ( 12.Bg5 h6 ( 12...O-O
13.Qf3 h6 14.Bh4 Bc6 15.h3 Qd6 16.Na3 Rad8 17.Nc2 Bb7 18.a4 g5 19.Bg3 c5
20.axb5 axb5 21.Na3 Nxe4 { 1/2-1/2, Zhigalko Andrey 2538 - Teterev Vitaly 2516
, Minsk 20. 1.2007 Ch Belarus } ) 13.Bh4 O-O 14.Nd2 Qc8 15.Nf3 Nh5 16.a4 Bc6
17.h3 Qb7 18.axb5 axb5 19.Rxa8 Qxa8 20.Qc2 Re8 21.Nh2 Qa7 22.Qd1 Nf4 23.Ng4 g5
24.Bg3 Qc5 25.h4 Qe7 26.hxg5 Qxg5 27.Qf3 Rd8 28.Bxf4 exf4 29.Nh2 Re8 30.Qd3
Qg6 31.Bd5 Bxd5 { ...1/2-1/2, Shchekachev Andrei 2560 - Malaniuk Vladimir P
2610 , Linares 1996 It (open) } ) ( 12.Be3 Qe7 13.f3 O-O 14.c4 b4 15.c5 Rfd8
16.a3 Bb5 17.Qc1 Nh5 18.axb4 Nf4 19.Bxf4 exf4 20.Nc3 Bd4+ 21.Kh1 Qe5 22.Rd1
Kg7 23.Rxd4 Qxd4 24.Qxf4 Rd7 25.Rd1 Qf6 26.Qxf6+ Kxf6 27.Rxd7 Bxd7 28.Nd5+ Ke5
29.Nxc7 Ra7 30.Nd5 a5 31.h4 Rb7 { ...1/2-1/2, Al-Modiahki Mohamad 2420 -
Giorgadze Giorgi 2580 , Yerevan 1996 It (open) } ) ( 12.a4 O-O 13.Bg5 Qe7
14.Nd2 h6 15.Bh4 Be6 16.Bxe6 Qxe6 17.Qb3 Qc6 18.Bxf6 Bxf6 19.g3 Be7 20.axb5
axb5 21.Rxa8 Rxa8 22.Nf3 Bf6 23.h4 h5 24.Kg2 Rd8 25.Re3 Kg7 26.Ng5 Rd7 27.Nf3
Qc5 28.Ng5 Qc6 { 1/2-1/2, Luther Thomas 2589 - Conquest Stuart 2534 ,
Liverpool 15. 9.2006 Ch European Union } ) 12...c5 13.Nf3 c4 14.Bc2 Qc7 15.Qe2
O-O 16.h3 Nh5 17.a4 Rab8 18.axb5 axb5 19.Be3 Nf4 20.Bxf4 exf4 21.Red1 Rfe8
22.Nd4 b4 23.Ba4 Bxa4 24.Rxa4 Qc5 25.Qf3 { ?! } ( 25.Ra6 { !? } 25...bxc3
26.bxc3 Bxd4 27.Rxd4 Rb1+ 28.Kh2 Qe5 29.f3 Reb8 30.Ra2 Rc1 31.Rc2 { } )
25...Qe5 { ?! } ( 25...Rbd8 { !? } 26.Qxf4 bxc3 27.bxc3 Bxd4 28.cxd4 Rxd4
29.Re1 f5 30.Rc1 Qc6 31.Rb4 Kg7 32.Qe3 { } ) 26.Rxb4 Rxb4 27.Nc6 Qxe4 28.Qxe4
Rxe4 29.Nxb4 Re2 30.Rd8+ Bf8 31.Rc8 Rxb2 32.Rxc4 Rb1+ 33.Kh2 Bd6 34.f3 g5
35.Rd4 { ?! } ( 35.Nd3 { !? } 35...f6 36.Rd4 Be7 37.c4 Rb3 38.g3 fxg3+ 39.Kxg3
Kf7 40.f4 h5 41.Kf2 Rc3 42.fxg5 { } ) 35...Bc5 36.Rd5 Bg1+ { } {#R} 0-1

[Event "Cup World"]
[Site "masterchessopen.com Khanty Mansyisk (Russia)"]
[Date "2007.11.24"]
[Round "1"]
[White "Dominguez Lenier (CUB)"]
[Black "Iljushin Alexei (RUS)"]
[Result "1-0"]
[WhiteElo "2683"]
[BlackElo "2528"]

{ Dominguez Lenier (CUB) +0 =1 -0 } 1.e4 e5 2.Nf3 Nc6 3.Bb5 a6 4.Ba4 d6 5.c3
Bd7 6.d4 g6 7.O-O Bg7 8.Re1 ( 8.d5 Nce7 9.Bxd7+ Qxd7 10.c4 h6 11.Ne1 f5 12.f3
Nf6 13.Nc3 O-O 14.Nd3 g5 15.Bd2 Rf7 16.Nf2 f4 17.Rc1 h5 18.b4 g4 19.c5 Kh8
20.Kh1 Rg8 21.cxd6 cxd6 22.Qa4 Qd8 23.Qa5 Qf8 24.b5 Bh6 25.bxa6 Qg7 26.Rg1
bxa6 27.Qxa6 g3 { ...1/2-1/2, Dominguez Lenier 2647 - Gareev Timur 2522 ,
Turin 2. 6.2006 Olympiad } ) 8...Nf6 9.Nbd2 { ? } ( 9.h3 O-O 10.Nbd2 b5 11.Bb3
Re8 12.a3 a5 13.d5 Nb8 14.a4 Na6 15.axb5 Nc5 16.Bc2 Bxb5 17.Nb3 Nxb3 18.Bxb3
Qc8 19.c4 Bd7 20.Bd2 Nh5 21.Ba4 Nf4 22.Bxd7 Qxd7 23.Bxa5 f5 24.Qc2 Rf8 25.Bd2
Bh6 26.Bxf4 Bxf4 27.b4 fxe4 28.Qxe4 Ra4 { ...1-0, Bologan Viktor 2630 - Moreno
Carnero Javier 2508 , France 2002 Ch France (team) 2002 } ) 9...O-O 10.h3 (
10.Nf1 Qe8 11.Bc2 Bg4 12.d5 Ne7 13.h3 Bd7 14.Ng3 Kh8 15.Nh2 Neg8 16.f4 Bh6
17.Qf3 exf4 18.Bxf4 Bxf4 19.Qxf4 Qe5 20.Qxe5 dxe5 21.Nf3 Rfe8 22.c4 Re7 23.c5
Ne8 24.b4 Nh6 25.Bb3 f6 26.Nf1 Nf7 27.Ne3 Rd8 28.Nc4 Kg7 29.a4 Kf8 { ...1-0,
Howell James C 2505 - Klovans Janis 2415 , Gelsenkirchen 1994 It } ) 10...b5 (
10...Qe8 11.Bc2 Bh6 12.Nc4 Bxc1 13.Rxc1 Nh5 14.Ne3 f6 15.Nd5 Rc8 16.Bd3 Nd8
17.Bf1 Be6 18.c4 c5 19.dxc5 dxc5 20.b4 cxb4 21.Nxb4 Bd7 22.Qd6 Ne6 23.c5 Kh8
24.c6 Bxc6 25.Nxc6 Rxc6 26.Rxc6 Qxc6 27.Qxc6 bxc6 28.Rc1 c5 29.Bxa6 Ra8 30.Bc4
{ ...1/2-1/2, Ljubojevic Ljubomir 2625 - Salov Valery 2575 , Szirak 1987 Izt }
) ( 10...Re8 11.dxe5 dxe5 12.Nf1 Qc8 13.Ng3 b5 14.Bb3 Na5 15.Bc2 c5 16.Bg5 h6
17.Bxf6 Bxf6 18.Qd2 Bg7 19.Rad1 Be6 20.Bb1 c4 21.Nf1 Nb7 22.Ne3 Kh7 23.Nd5 Qc6
24.Qe3 a5 25.Rd2 Rad8 26.Red1 Rd6 27.Nh2 Red8 28.Ng4 Bxd5 29.exd5 Qc5 30.Qxc5
{ ...0-1, Lazor Vladimir 2236 - Malaniuk Vladimir P 2505 , Pula 1990 It (open)
} ) ( 10...Nh5 11.Nf1 Qe8 12.Bc2 Nd8 13.Ne3 Ne6 14.Nd5 Qd8 15.dxe5 dxe5 16.Be3
Qe8 17.Qc1 c6 18.Nb6 Rd8 19.Nc4 Nef4 20.Nd6 Qe7 21.Nxb7 Bxh3 22.g3 Qxb7
23.gxf4 exf4 24.Bxf4 Qd7 25.Nh2 Qe7 26.Qe3 Nxf4 27.Qxf4 Be5 28.Qe3 Qh4 29.Nf1
Bf4 30.Qf3 { ...0-1, Martinovic Slobodan 2440 - Jelen Iztok 2415 , Yugoslavia
1963 Ch Yugoslavia (juniors) } ) ( 10...exd4 11.cxd4 Nb4 12.Bb3 Nd3 13.Re3
Nxc1 14.Rxc1 Bh6 15.Rec3 c6 16.e5 dxe5 17.dxe5 Nd5 18.Bxd5 cxd5 19.Qb3 Bb5
20.Rd1 Be2 21.Re1 d4 22.Rc5 d3 23.Rd5 Qe7 24.Ne4 Rad8 25.Nf6+ Kg7 26.Qc3 Bxf3
27.gxf3 d2 28.Rd1 Qe6 29.Rc5 Bf4 30.Kg2 { ...0-1, Kabisch Thilo 2290 - Klovans
Janis 2481 , Leinfeld 2000 It (open) } ) 11.Bc2 ( 11.Bb3 Re8 12.a3 a5 13.d5
Nb8 14.a4 Na6 15.axb5 Nc5 16.Bc2 Bxb5 17.Nb3 Nxb3 18.Bxb3 Qc8 19.c4 Bd7 20.Bd2
Nh5 21.Ba4 Nf4 22.Bxd7 Qxd7 23.Bxa5 f5 24.Qc2 Rf8 25.Bd2 Bh6 26.Bxf4 Bxf4
27.b4 fxe4 28.Qxe4 Ra4 29.c5 Rfa8 30.c6 Qf5 { ...1-0, Bologan Viktor 2630 -
Moreno Carnero Javier 2508 , France 2002 Ch France (team) 2002 } ) 11...Re8 {
+0.37 CAP } ( 11...Nh5 12.dxe5 Nxe5 13.Nxe5 dxe5 14.Nb3 Qe7 15.Be3 Nf4 16.Qf3
Ne6 17.Rad1 Rfd8 18.Rd2 Be8 19.Rxd8 Rxd8 20.Rd1 Rc8 21.Nd2 c5 22.Nf1 Bc6
23.Qg4 h5 24.Qg3 c4 25.f3 b4 26.Qe1 bxc3 27.bxc3 Qa3 28.Bb1 Nf4 29.Kh1 Rb8
30.Qd2 Ba4 31.Re1 { ...0-1, Goloshchapov Alexander 2445 - Malaniuk Vladimir P
2590 , Pardubice 1998 It (open) } ) ( 11...h6 12.Nf1 Nh7 13.Be3 Qe7 14.Qd2 h5
15.Rad1 Rad8 16.b3 Rfe8 17.Ng3 Qf8 18.Qc1 Bc8 19.Bb1 Bb7 20.d5 Ne7 21.c4 c6
22.dxc6 Bxc6 23.Qa3 Rd7 24.Bc1 bxc4 25.bxc4 Rb8 26.Bc2 Qd8 27.Bb3 a5 28.c5
dxc5 29.Qxc5 a4 30.Bc2 Qb6 31.Qc3 { ...0-1, Kekelidze Mikheil 2516 - Zoler Dan
2481 , Duisburg 1992 Ch World (juniors) (under 18) } ) 12.a3 { N } ( 12.Nf1 a5
( 12...Na5 13.b3 c5 14.dxe5 dxe5 15.Bg5 Bc6 16.Qe2 Qc8 17.N3d2 Nh5 18.Qf3 h6
19.Bh4 Nf4 20.Ne3 b4 21.c4 Ne6 22.Nd5 Nd4 23.Qd1 Bxd5 24.cxd5 c4 25.Nxc4 Nxc4
26.bxc4 Qxc4 27.Ba4 Rec8 28.Qd2 Qc3 29.Red1 Qa3 30.Bb3 a5 31.Rdb1 a4 { ...0-1,
Dovzik Juri 2405 - Neverov Anatoly 2404 , Gyor 1997 It (open) "Nyar" } )
13.Ng3 a4 14.Bd2 Na5 15.Qc1 exd4 16.cxd4 Qc8 17.Bg5 Bc6 18.Nh4 Nd7 19.Nhf5
gxf5 20.Nxf5 f6 21.Bh6 Bh8 22.Re3 Kf7 23.Qd1 Rg8 24.Qh5+ Rg6 25.e5 fxe5 26.Bg5
Nf8 27.Ne7 Qd7 28.Bxg6+ hxg6 29.Qxh8 Nc4 30.d5 Nxe3 31.fxe3 { 1-0, Gofshtein
Zvulon 2513 - Klovans Janis 2420 , Willingen 2001 It (open) "Sauerland Stern
Hotel" } ) 12...a5 13.d5 Ne7 14.a4 c6 15.dxc6 Bxc6 16.axb5 Bxb5 17.Ba4 Bxa4
18.Qxa4 Qc7 19.Nc4 Nc6 20.Bg5 Nxe4 21.Rxe4 d5 22.Ree1 dxc4 23.Nd2 f5 24.Nxc4
e4 25.Red1 Kh8 26.Rd6 Ne5 27.Nxe5 Bxe5 28.Rd7 Qb6 29.Rad1 Qxb2 { ?! } (
29...Qe6 { !? } 30.R1d2 Kg8 31.Rb7 h5 32.Rdd7 Rab8 33.Qb5 { } ) 30.Qc6 Qxc3
31.Qb7 Qc4 32.Rxh7+ Kg8 33.Rdd7 { } {#r} 1-0

[Event "Bundesliga 2007/08"]
[Site "masterchessopen.com Germany"]
[Date "2007.12.09"]
[Round "6"]
[White "Haba Petr (CZE)"]
[Black "Jussupow Artur (GER)"]
[Result "0-1"]
[WhiteElo "2525"]
[BlackElo "2583"]

{ Haba Petr (CZE) +1 =0 -0 Jussupow Artur (GER) +0 =3 -0 } 1.e4 e5 2.Nf3 Nc6
3.Bb5 a6 4.Ba4 d6 5.c3 Bd7 6.d4 g6 7.O-O Bg7 8.Re1 { ?/= } ( 8.Bb3 Qe7 9.Na3
Nf6 10.Nc4 Nxe4 11.Re1 f5 12.Bc2 O-O 13.dxe5 dxe5 14.Bxe4 fxe4 15.Ng5 h6
16.Nxe4 Be6 17.Qe2 Qf7 18.Ne3 Bxa2 19.Ng4 Bc4 20.Qc2 Rad8 21.Bxh6 Bd3 22.Qc1
Bxe4 23.Rxe4 Qf5 24.f3 Qh5 25.Bg5 Rd7 26.Nf2 Bf6 27.Bxf6 Rxf6 { ...1-0, Haba
Petr 2519 - Blatny Frantisek 2192 , Brno 1984 Memorial Dr. Lang (a) } ) 8...h6
( 8...b5 9.Bb3 Nf6 10.Be3 O-O 11.dxe5 Nxe5 12.Nxe5 dxe5 13.Bc5 Re8 14.Nd2 Be6
15.Bxe6 Rxe6 16.Nb3 Qxd1 17.Raxd1 a5 18.f3 a4 19.Nc1 Bf8 20.Be3 Rd6 21.Kf2 Nd7
22.Ke2 f6 23.Rxd6 Bxd6 24.Nd3 Kf7 25.Rc1 c5 26.c4 b4 27.g4 Ke6 28.Rd1 {
...1/2-1/2, Ponomariov Ruslan 2706 - Mamedyarov Shakhriyar 2757 , Hoogeveen
16.10.2007 It (cat.17) } ) 9.Be3 { N } ( 9.Nbd2 Nge7 10.Nf1 O-O 11.h3 (
11.dxe5 Nxe5 12.Nxe5 Bxa4 13.Qxa4 dxe5 14.Qb3 { 1/2-1/2, Arizmendi Martinez
Julen L 2542 - Golod Vitali 2576 , Biel 3. 8.2006 It (open) } ) 11...exd4
12.cxd4 d5 13.e5 Nf5 14.Bf4 Rc8 15.Rc1 Nh4 16.N1h2 Nxf3+ 17.Nxf3 Ne7 18.Bc2
Be6 19.b4 Qd7 20.Bd3 Bf5 21.Bf1 Nc6 22.b5 axb5 23.Bxb5 g5 24.Be3 Ra8 25.a4 Qe6
26.h4 g4 27.Nd2 Rfc8 28.Nf1 h5 { ...1-0, Alekseev Evgeny 2632 - Tomashevsky
Evgeny 2564 , Nojabrsk 8. 3.2005 Ch Russia (juniors) (under 20) } ) ( 9.h3
Nge7 ( 9...Qe7 10.Bc2 Nf6 11.Nbd2 O-O 12.Nc4 Rfd8 13.Ne3 Rac8 14.Nd5 Nxd5
15.exd5 Nb8 16.dxe5 dxe5 17.Bf4 Be6 18.Nxe5 Bxe5 19.Bxe5 Rxd5 20.Qf3 Nc6
21.Bf4 Qf6 22.Be4 Rd7 23.Bxh6 { 1-0, Mays Charles - Woods Daniel, Boylstone
1999 Tournament } ) 10.dxe5 dxe5 11.Nbd2 O-O 12.Nf1 Be6 13.Be3 Qc8 14.Bc5 Rd8
15.Qc2 b6 16.Ba3 b5 17.Bb3 Bxb3 18.axb3 b4 19.Bxb4 Nxb4 20.cxb4 Qb7 21.Rec1
Qxb4 22.Qc5 Rdb8 23.Qxb4 Rxb4 24.Rxc7 Nc8 25.N1d2 Nd6 26.Ra4 Rb6 27.Rc5 f6
28.Ne1 h5 { ...1-0, Lukin Andrei M 2470 - Chepukaitis Genrikh 2310 , St.
Petersburg 1996 Memorial A.Petrov } ) 9...Nge7 10.d5 { N } ( 10.Nbd2 O-O
11.Nf1 exd4 12.Nxd4 Nxd4 13.Bxd7 Qxd7 14.Bxd4 Bxd4 15.Qxd4 Nc6 16.Qd2 Kg7
17.Ne3 Rae8 18.f3 f6 19.Rad1 Qf7 20.b3 Ne7 21.Qd4 Nc6 22.Qa4 Re5 23.Qa3 Rfe8
24.g4 h5 25.h3 hxg4 26.hxg4 f5 27.gxf5 gxf5 28.Nxf5+ Rxf5 29.exf5 Ne5 {
...1/2-1/2, Baramidze David 2335 - Merklinger Markus 2272 , Dortmund 2001 It
(open) } ) 10...Nb8 11.Bxd7+ Nxd7 12.Nfd2 { +0.18 CAP } 12...Bf6 { N } (
12...f5 13.f3 f4 14.Bf2 g5 15.c4 h5 16.Nc3 Ng6 17.Rc1 Bf8 18.b4 Be7 19.c5 dxc5
20.d6 cxd6 21.Nc4 Nf6 22.Nd5 O-O 23.Ncb6 Rb8 24.bxc5 Ne8 25.Qb3 Rf7 26.Nxe7+
Nxe7 27.cxd6 Nc6 28.Red1 Kg7 29.d7 Nf6 30.Bc5 Nxd7 31.Qxf7+ Kxf7 32.Rxd7+ {
...1-0, Cheparinov Ivan 2632 - Rogers Ian 2526 , Hoogeveen 26.10.2006 It
(open) } ) ( 12...O-O 13.c4 f5 14.f3 c5 15.Nc3 Qc7 16.Rb1 Rfb8 17.Qe2 f4
18.Bf2 g5 19.b4 b6 20.Rb2 Bf6 21.Reb1 Nc8 22.g4 Kg7 23.Kg2 Kg6 24.a3 Kg7
25.Qd1 Kf7 26.Qa4 Ne7 27.Qb3 Nc8 28.a4 a5 29.Nb5 Qd8 30.bxa5 Rxa5 31.Ra2 Rba8
32.Qc2 { ...1-0, Polgar Judit 2630 - Spassky Boris V 2565 , Budapest 1993
Match } ) 13.c4 Bg5 14.Nc3 Kf8 15.b4 Kg7 16.Nb3 f5 17.c5 Nf6 18.f4 exf4 19.Nd4
fxe3 { ?! } ( 19...Kh7 { !? } 20.Ne6 Qd7 21.Bd4 Rhf8 22.Qb3 Bh4 23.cxd6 cxd6
24.Rf1 Nxe4 25.Rxf4 g5 { } ) 20.Ne6+ Kh7 21.Nxd8 Raxd8 22.cxd6 cxd6 23.Qd4
fxe4 24.Nxe4 Nxe4 25.Qxe4 Nf5 26.Rac1 Rd7 27.Qg4 Re8 28.Re2 Rde7 29.Rc4 { ? }
( { ? } 29.g3 Kg8 30.Rc4 Kg7 31.h4 b5 32.Rcc2 Re4 33.Rc7+ Kh8 34.Qh3 Bd8
35.Rd7 Nd4 { } ) 29...b5 30.Rf4 { ? } ( 30.Rc6 Re4 31.Qh3 Rh4 32.Qf3 Rf4
33.Rc7+ Kg8 34.Qh3 Rh4 35.Qf3 Rf4 36.Qh3 Rh4 37.Qf3 { } ) 30...Bxf4 31.Qxf4
Re4 32.Qf3 R8e7 33.Re1 h5 34.a3 Rd4 35.g3 Kg7 36.h3 Ree4 37.Re2 { ? } ( 37.Qg2
Re5 38.Qc2 Rc4 39.Qd3 Ree4 40.Qe2 Nd4 41.Qd1 Re5 42.g4 e2 43.Qd3 { } )
37...Rc4 38.Kh2 Red4 39.Rg2 Rd2 40.g4 Rcc2 { } {#R} 0-1

[Event "Ch City"]
[Site "masterchessopen.com Reykjavik (Iceland)"]
[Date "2008.01.11"]
[Round "3"]
[White "Kjartansson Gudmundur (ISL)"]
[Black "Salama Omar (EGY)"]
[Result "1-0"]
[WhiteElo "2284"]
[BlackElo "2258"]

1.e4 e5 2.Nf3 Nc6 3.Bb5 a6 4.Ba4 d6 5.d4 Bd7 6.c3 g6 7.O-O Bg7 8.Be3 Nf6
9.Nbd2 O-O 10.h3 Qe8 11.Bc2 h6 12.dxe5 dxe5 13.Bc5 Nh5 14.Bxf8 Bxf8 15.Nh2 Bc5
16.Qf3 Qe7 17.Rad1 Rf8 18.Rfe1 Kg7 19.Nc4 f5 20.Rxd7 Qxd7 21.exf5 e4 22.Bxe4
Qf7 23.b3 gxf5 24.Bxc6 bxc6 25.Ne5 {#r} 1-0

[Event "It (open)"]
[Site "masterchessopen.com Moscow (Russia)"]
[Date "2008.02.07"]
[Round "6"]
[White "Kurnosov Igor (RUS)"]
[Black "Tarlev Konstantin (UKR)"]
[Result "1-0"]
[WhiteElo "2606"]
[BlackElo "2482"]

{ Kurnosov Igor (RUS) +0 =1 -0 } 1.e4 e5 2.Nf3 Nc6 3.Bb5 a6 4.Ba4 d6 5.c3 g6
6.d4 Bd7 7.O-O Bg7 8.Re1 { ?/= } 8...Nh6 { +1.02 CAP } ( 8...b5 9.Bc2 exd4
10.cxd4 Bg4 11.Be3 Nge7 12.Nc3 O-O 13.Rc1 Kh8 14.Qd2 Bxf3 15.gxf3 Qd7 16.Ne2
f5 17.Bd1 fxe4 18.fxe4 d5 19.e5 Nf5 20.Nf4 Nxe3 21.fxe3 Bh6 22.Qc3 Nd8 23.Qxc7
Qxc7 24.Rxc7 Bxf4 25.exf4 Ne6 26.Rd7 Rxf4 27.Bb3 Nxd4 28.Bxd5 { ...1/2-1/2,
Anand Viswanathan 2801 - Mamedyarov Shakhriyar 2752 , Wijk aan Zee 13. 1.2008
It (cat.20) } ) ( 8...Nf6 9.d5 Ne7 10.Bxd7+ Nxd7 11.c4 O-O 12.Nc3 h6 13.Bd2 f5
{ +0.29 CAP } ) 9.Bxc6 { N } ( 9.dxe5 b5 10.Bb3 dxe5 11.Be3 Qe7 12.h3 f6 13.a4
Rb8 14.axb5 axb5 15.Bd5 Nd8 16.b4 Ne6 17.Ra6 c6 18.Bxc6 Bxc6 19.Rxc6 Nf7
20.Qb3 Nfd8 21.Ra6 Kf7 22.Rd1 Re8 23.Bc5 Qc7 24.Bd6 Qb7 25.Qa2 Qd7 26.Rd2 Rb7
27.Bxe5 Qc8 28.Bg3 Bh6 { ...1-0, Bernard Ryszard 2340 - Jigjidsuren Purev 2227
, Gdynia 1988 Memorial Dreszer } ) ( 9.Na3 f6 10.h3 Nf7 11.Nh2 O-O 12.f4 f5
13.exf5 Bxf5 14.Bxc6 bxc6 15.g4 Bd7 16.Nf3 exd4 17.Nxd4 Qh4 18.Re3 c5 19.Ndc2
Rae8 20.Qe1 Qf6 21.Qg3 Bc6 22.Bd2 Rxe3 23.Nxe3 Qe6 24.Nac2 Nd8 25.b3 Qe4
26.Rf1 Be5 27.Nc4 Bf6 28.Ne1 d5 { ...0-1, Frick Renato 2153 - Karl Hans 2240 ,
Mendric 1985 It (open) } ) ( 9.a3 f6 10.Bb3 Qe7 11.Nbd2 Nf7 12.Nc4 O-O 13.Ne3
Qd8 14.h3 Ne7 15.Ba2 Kh8 16.Qe2 g5 17.Bd2 Ng6 18.Rad1 Nf4 19.Qf1 { 1/2-1/2,
Bisco Igor 2110 - Vinarcik Jan 2046 , Slovakia 2005 Ch Slovakia (team) 2004/05
(1 liga) West } ) 9...Bxc6 10.dxe5 dxe5 11.Qxd8+ Rxd8 12.Nxe5 Ba4 13.Bf4 O-O
14.Nf3 Rd7 15.Nbd2 Re8 16.e5 Bc6 17.Ne4 Ng4 18.h3 f5 19.e6 Rde7 20.Nc5 Nf6
21.Nd4 Bd5 22.Rad1 Bxa2 23.Nxb7 Ne4 { ?! } ( 23...Bxe6 { !? } 24.Nxe6 Rxe6
25.Rxe6 Rxe6 26.Bxc7 Re2 27.Rd8+ Kf7 28.Nd6+ Ke6 29.b4 Nd5 { } ) 24.Nd8 { ?! }
( 24.Nc6 { !? } 24...Rxe6 25.Nbd8 Rf6 26.f3 Nd6 27.Rxe8+ Nxe8 28.Ra1 Bc4
29.Ne5 Rd6 30.Nxc4 Rxd8 31.Rxa6 { } ) 24...Bxd4 25.Rxd4 c5 26.Ra4 Bb3 27.Ra3
Bd5 28.Rd1 Rxd8 29.c4 Rde8 { ? } ( 29...g5 30.f3 gxf4 31.fxe4 fxe4 32.Rxd5 Ra8
33.Re5 e3 34.Kf1 Rd8 35.g3 Rd1+ 36.Ke2 Rd2+ { } ) 30.cxd5 { } {#r} 1-0

[Event "Ch Netherlands (team) 2007/08"]
[Site "masterchessopen.com Netherlands"]
[Date "2008.03.29"]
[Round "8"]
[White "Decoster Frederic (BEL)"]
[Black "Vandevoort Pascal (BEL)"]
[Result "0-1"]
[WhiteElo "2283"]
[BlackElo "2389"]

1.e4 e5 2.Nf3 Nc6 3.Bb5 a6 4.Ba4 d6 5.c3 Bd7 6.d4 g6 7.O-O Bg7 8.Re1 Nge7 9.d5
Nb8 10.Bxd7+ Nxd7 11.c4 O-O 12.Nc3 h6 13.Nd2 f5 14.f3 Nf6 15.b4 c6 16.Qb3 cxd5
17.Nxd5 Nexd5 18.exd5 e4 19.Bb2 Qb6+ 20.Kh1 Rae8 21.Bxf6 Bxf6 22.c5 dxc5
23.Rad1 Qxb4 24.fxe4 Bc3 25.Qxb4 cxb4 26.Re2 Bxd2 27.Rdxd2 Rxe4 28.Kg1 Rxe2
29.Rxe2 Rd8 30.Re7 Rxd5 31.Rxb7 a5 32.Rb6 Kf7 33.Rb7+ Ke6 34.Rb6+ Rd6 35.Rb5
Rd1+ {#R} 0-1

[Event "Ch Russia (club)"]
[Site "masterchessopen.com Sochi (Russia)"]
[Date "2008.04.07"]
[Round "6"]
[White "Navara David (CZE)"]
[Black "Mamedyarov Shakhriyar (AZE)"]
[Result "1-0"]
[WhiteElo "2633"]
[BlackElo "2731"]

{ Mamedyarov Shakhriyar (AZE) +2 =6 -2 } 1.e4 e5 2.Nf3 Nc6 3.Bb5 a6 4.Ba4 d6
5.c3 Bd7 6.d4 g6 7.O-O Bg7 8.Re1 b5 9.Bb3 Nf6 { ?/= } 10.Bg5 ( 10.dxe5 Nxe5
11.Nxe5 dxe5 12.Bg5 h6 13.Bh4 O-O 14.Nd2 Qc8 15.Nf3 Nh5 16.a4 Bc6 17.h3 Qb7
18.axb5 axb5 19.Rxa8 Qxa8 20.Qc2 Re8 21.Nh2 Qa7 22.Qd1 Nf4 23.Ng4 g5 24.Bg3
Qc5 25.h4 Qe7 26.hxg5 Qxg5 27.Qf3 Rd8 28.Bxf4 exf4 29.Nh2 Re8 { ...1/2-1/2,
Shchekachev Andrei 2560 - Malaniuk Vladimir P 2610 , Linares 1996 It (open) }
) 10...h6 11.Bh4 O-O 12.dxe5 ( 12.Nbd2 exd4 13.Nxd4 Re8 14.Bc2 Qb8 15.Nf1 Qb7
16.f3 Rac8 17.Nxc6 Bxc6 18.Qd2 Nd7 19.Ne3 Ne5 20.Bb3 a5 21.Bd5 Bxd5 22.Nxd5
Nc4 23.Qc2 g5 24.Bf2 c6 25.Ne3 Nxe3 26.Rxe3 d5 27.Rae1 c5 28.exd5 Rxe3 29.Rxe3
Qxd5 30.Qd3 Qxd3 31.Rxd3 b4 { ...1/2-1/2, Alekseev Evgeny 2639 - Mamedyarov
Shakhriyar 2728 , Moscow 12. 2.2006 It (open) "Aeroflot" } ) ( 12.a4 Re8
13.dxe5 Nxe5 14.Nxe5 Rxe5 15.f4 Rh5 16.Bg3 bxa4 17.Bxa4 Bxa4 18.Rxa4 Rb5
19.Ra2 Nh5 20.Na3 Rbb8 21.Nc4 Nxg3 22.hxg3 h5 23.Qd3 h4 24.g4 Qf6 25.Rf1 Re8
26.Ra4 Qe6 27.Ne3 Qd7 28.Rfa1 Rab8 29.Qc2 Qb5 30.R1a2 Qc5 31.Qf2 Qb5 { ...1-0,
Kuzmin Gennadi P 2510 - Malaniuk Vladimir P 2513 , Simferopol 2003 Ch Ukraine
} ) 12...Nxe5 13.Nxe5 dxe5 14.Nd2 Qe7 ( 14...Qc8 15.Nf3 Nh5 16.a4 Bc6 17.h3
Qb7 18.axb5 axb5 19.Rxa8 Qxa8 20.Qc2 Re8 21.Nh2 Qa7 22.Qd1 Nf4 23.Ng4 g5
24.Bg3 Qc5 25.h4 Qe7 26.hxg5 Qxg5 27.Qf3 Rd8 28.Bxf4 exf4 29.Nh2 Re8 30.Qd3
Qg6 31.Bd5 Bxd5 32.Qxd5 c6 33.Qd3 Kh8 34.Nf3 { ...1/2-1/2, Shchekachev Andrei
2560 - Malaniuk Vladimir P 2610 , Linares 1996 It (open) } ) 15.Nf1 { +0.15
CAP } ( 15.Qe2 c5 16.Bd5 Rab8 17.Bxf6 Bxf6 18.b3 Be6 19.a4 Rfd8 20.axb5 Bxd5
21.exd5 axb5 22.Ne4 Bg7 23.Red1 Qc7 24.Ra6 Rb6 25.Rxb6 Qxb6 26.Qe3 Bf8 27.b4
Qa6 28.bxc5 f5 29.Nd6 e4 30.Qg3 Kh7 31.Qh4 Rd7 32.Qf6 Bxd6 33.Qe6 Qc8 34.cxd6
Qd8 { ...1-0, Jansa Vlastimil 2505 - Darga Klaus 2453 , Germany 1989
Bundesliga 1988/89 } ) ( 15.f3 Rfd8 { +0.48 CAP } ) 15...Rfd8 { N } (
15...Rad8 16.Qe2 c5 17.Bxf6 Qxf6 18.Bd5 h5 19.c4 Bh6 20.Rad1 b4 21.Rd3 Bg4
22.f3 Bc8 23.Nd2 Rd7 24.Qf2 Rc7 25.Rd1 a5 26.a4 Bd7 27.b3 g5 28.Nf1 g4 29.Ng3
Qg6 30.fxg4 Bxg4 31.Rf1 Bf4 32.Nf5 Bxf5 33.exf5 Qf6 34.Qf3 Kg7 35.Qxh5 {
...1-0, Kamsky Gata 2724 - Mamedyarov Shakhriyar 2752 , Moscow 22.11.2007 Ch
World (blitz) } ) 16.Ne3 Be6 17.Qc2 c6 18.a4 h5 19.Bg5 Kh7 20.Red1 Bxb3
21.Qxb3 Bh6 22.Bxf6 Qxf6 23.axb5 axb5 24.Rxa8 Rxa8 25.Nc2 Bf8 26.Ne1 Bc5
27.Nf3 g5 28.Qc2 g4 29.Ne1 Bb6 30.Qe2 Ra2 31.Nd3 Ra8 32.Nb4 Bc5 33.Nd3 Bb6
34.Nb4 Qe6 35.g3 Rf8 36.Ra1 Bc5 37.Nc2 Qc4 { ? } ( 37...Rd8 38.Ne3 Bxe3
39.Qxe3 Kg6 40.Qe2 Qd6 41.Ra6 f5 42.exf5+ Kxf5 43.Qf1 Qd5 44.Qb1+ e4 { } )
38.Qxc4 bxc4 39.Ra5 { } {#r} 1-0

[Event "It (open)"]
[Site "masterchessopen.com Schwarzach (Austria)"]
[Date "2008.08.19"]
[Round "4"]
[White "Hager J"]
[Black "Rolletschek Heinrich (AUT)"]
[Result "1-0"]
[WhiteElo "2128"]
[BlackElo "2222"]

1.e4 e5 2.Nf3 Nc6 3.Bb5 a6 4.Ba4 d6 5.c3 Bd7 6.d4 g6 7.O-O Bg7 8.Re1 Nge7 9.d5
Na5 10.Bxd7+ Qxd7 11.b3 c5 12.dxc6 bxc6 13.c4 O-O 14.Bb2 Qe6 15.Nc3 h6 16.Qd2
Nb7 17.Rad1 f5 18.c5 fxe4 19.Nxe4 d5 20.Ng3 e4 21.Nd4 Qf7 22.b4 h5 23.f3 h4
24.Nh1 Rad8 25.Nf2 Nf5 26.Nxc6 e3 27.Rxe3 Nxe3 28.Bxg7 Nc4 29.Nxd8 Rxd8 30.Qg5
Kxg7 31.c6 Rd6 32.cxb7 Qxb7 33.Re1 Rf6 34.Ng4 Qb6+ 35.Kh1 Re6 36.Qh6+ Kg8
37.Qxh4 d4 38.Rxe6 Qxe6 39.Qd8+ {#r} 1-0

[Event "Cup Russia (regions)"]
[Site "masterchessopen.com Belgorod (Russia)"]
[Date "2008.11.28"]
[Round "9"]
[White "Ogloblina Lidiya (RUS)"]
[Black "Semenova Irina (RUS)"]
[Result "1-0"]
[WhiteElo "2126"]
[BlackElo "2261"]

1.e4 e5 2.Nf3 Nc6 3.Bb5 a6 4.Ba4 d6 5.c3 g6 6.d4 Bd7 7.O-O Bg7 8.Be3 Nf6
9.dxe5 dxe5 10.Nbd2 Qe7 11.h3 O-O 12.b4 b6 13.Re1 h6 14.Bb3 Rad8 15.Qe2 Nb8
16.Kh2 Bc6 17.Bc2 Bb7 18.a4 Nfd7 19.Bb3 Kh8 20.g3 c5 21.b5 a5 22.Nh4 Nf6 23.f3
Bc8 24.Rad1 Nh5 25.Bf2 Nf6 26.Nc4 Be6 27.Nxe5 Kh7 28.Bxe6 Qxe6 29.Nc4 Rfe8
30.Ng2 Nd5 31.Rxd5 Rxd5 32.Nf4 {#r} 1-0